Representation / (Record no. 171443)

MARC details
000 -LEADER
fixed length control field 00979nam a22002897a 4500
003 - CONTROL NUMBER IDENTIFIER
control field OSt
005 - DATE AND TIME OF LATEST TRANSACTION
control field 20250317122914.0
008 - FIXED-LENGTH DATA ELEMENTS--GENERAL INFORMATION
fixed length control field 250317b |||||||| |||| 00| 0 eng d
020 ## - INTERNATIONAL STANDARD BOOK NUMBER
International Standard Book Number 9781849205634 (hardcover)
040 ## - CATALOGING SOURCE
Original cataloging agency NUST
Language of cataloging eng
Transcribing agency NUST
Modifying agency NUST
Description conventions rda
050 ## - LIBRARY OF CONGRESS CALL NUMBER
Classification number HM621 REP
245 ## - TITLE STATEMENT
Title Representation /
Statement of responsibility, etc. edited by Stuart Hall, Jessica Evans and Sean Nixon
250 ## - EDITION STATEMENT
Edition statement Second edition.
260 ## - PUBLICATION, DISTRIBUTION, ETC.
Place of publication, distribution, etc. Los Angeles :
Name of publisher, distributor, etc. The Open University,
Date of publication, distribution, etc. 2013.
300 ## - PHYSICAL DESCRIPTION
Extent xxvi, 410 pages :
Other physical details illustrations ;
Dimensions 24 cm.
336 ## - CONTENT TYPE
Source rdamedia
Content type term text
Content type code txt
337 ## - MEDIA TYPE
Source rdamedia
Media type term unmediated
Media type code n
338 ## - CARRIER TYPE
Source rdamedia
Carrier type term volume
Carrier type code nc
504 ## - BIBLIOGRAPHY, ETC. NOTE
Bibliography, etc. note Includes bibliographical references and index.
650 ## - SUBJECT ADDED ENTRY--TOPICAL TERM
Form subdivision Culture.
650 ## - SUBJECT ADDED ENTRY--TOPICAL TERM
Form subdivision Representation (Philosophy)
650 ## - SUBJECT ADDED ENTRY--TOPICAL TERM
Form subdivision Social perception.
700 ## - ADDED ENTRY--PERSONAL NAME
Personal name Hall, Stuart
Relator term Editor
700 ## - ADDED ENTRY--PERSONAL NAME
Personal name Evans, Jessica
Relator term Editor
700 ## - ADDED ENTRY--PERSONAL NAME
Personal name Nixon, Sean
Relator term Editor
942 ## - ADDED ENTRY ELEMENTS (KOHA)
Source of classification or shelving scheme Library of Congress Classification
Koha item type Ordinary Loan Books
Edition Second edition.
Classification part HM621 REP
Call number prefix HM
Call number suffix REP
Suppress in OPAC No
Holdings
Withdrawn status Lost status Source of classification or shelving scheme Damaged status Not for loan Collection Home library Current library Shelving location Date acquired Source of acquisition Cost, normal purchase price Total Checkouts Full call number Barcode Date last seen Accession number Cost, replacement price Price effective from Koha item type Public note
    LCC     NFIC MAIN MAIN GEN 03/17/2025 Book Aid International 53.25   HM621 REP 92004054165 03/17/2025 61442 53.25 03/17/2025 BOOKS Donation